[Event "37. Copenhagen Open (Politiken Cup)"]
[Site "Elsinore"]
[Date "2015.07.26"]
[Round "3"]
[White "Sigeman, Johan"]
[Black "Brobakken, Geir"]
[Result "1-0"]
[WhiteElo "2138"]
[BlackElo "1936"]
[PlyCount "49"]
[EventDate "2015.07.25"]
[EventType "swiss"]
[EventRounds "10"]
[EventCountry "DEN"]
[Source "ChessBase"]
[SourceDate "2015.09.14"]

1. c4 e6 2. Nc3 d5 3. d4 Nf6 4. Nf3 c6 5. g3 Bd6 6. Bg2 O-O 7. O-O Nbd7 8. Qc2
Re8 9. e4 dxe4 10. Ng5 Nf8 11. Ncxe4 Nxe4 12. Bxe4 f5 13. Bd3 Qf6 14. Nf3 h6
15. Bd2 Ng6 16. c5 Bc7 17. Rae1 Ne7 18. Ne5 Nd5 19. Bc4 Rd8 20. Qb3 a5 21. Re2
f4 22. Qf3 g5 23. Qh5 Kg7 24. Bd3 Ne7 25. Ng4 1-0

[Event "37. Copenhagen Open (Politiken Cup)"]
[Site "Elsinore"]
[Date "2015.07.26"]
[Round "3"]
[White "Skjoldager, Mikael"]
[Black "Mozelius, Peter"]
[Result "1/2-1/2"]
[WhiteElo "2056"]
[BlackElo "1825"]
[PlyCount "74"]
[EventDate "2015.07.25"]
[EventType "swiss"]
[EventRounds "10"]
[EventCountry "DEN"]
[Source "ChessBase"]
[SourceDate "2015.09.14"]

1. e4 g6 2. d4 Bg7 3. Nc3 d6 4. f4 a6 5. Nf3 e6 6. Bd3 Ne7 7. Be3 b5 8. Qd2
Nbc6 9. O-O O-O 10. a4 b4 11. Ne2 a5 12. c3 d5 13. e5 Ba6 14. Bxa6 Rxa6 15. g4
Rb6 16. Ng3 Qd7 17. Ne1 bxc3 18. bxc3 Rfb8 19. Nd3 Qc8 20. f5 exf5 21. gxf5
Nxf5 22. Nxf5 gxf5 23. Kh1 Ne7 24. Rg1 Rg6 25. Nf4 Rg4 26. h3 Rxg1+ 27. Rxg1
Qd7 28. Qg2 Ng6 29. Nxd5 c6 30. Nf4 Rb3 31. Qc2 Qb7 32. Qxf5 Rxc3 33. Rb1 Rb3
34. Rxb3 Qxb3 35. Nxg6 hxg6 36. Qg5 Qd1+ 37. Kg2 Qxa4 1/2-1/2

[Event "37. Copenhagen Open (Politiken Cup)"]
[Site "Elsinore"]
[Date "2015.07.26"]
[Round "3"]
[White "Skovgaard, Andreas"]
[Black "Schmitt, Carsten1"]
[Result "0-1"]
[WhiteElo "1649"]
[BlackElo "1988"]
[PlyCount "56"]
[EventDate "2015.07.25"]
[EventType "swiss"]
[EventRounds "10"]
[EventCountry "DEN"]
[Source "ChessBase"]
[SourceDate "2015.09.14"]

1. e4 e6 2. d4 d5 3. exd5 exd5 4. Bf4 Nf6 5. Bd3 c5 6. Ne2 c4 7. Bxc4 dxc4 8.
c3 Be6 9. Nd2 Nbd7 10. O-O Nb6 11. Bg5 h6 12. Bh4 g5 13. Bg3 Bd6 14. f4 Nfd5
15. f5 Ne3 16. Qb1 Nxf1 17. Nxf1 Bd5 18. Qc2 f6 19. Re1 O-O 20. Bf2 Re8 21. Ne3
Qc7 22. h4 Re7 23. Ng4 Kg7 24. Be3 Re4 25. Nxf6 Kxf6 26. hxg5+ hxg5 27. Qd2 Rg4
28. b3 Rxg2+ 0-1

[Event "37. Copenhagen Open (Politiken Cup)"]
[Site "Elsinore"]
[Date "2015.07.26"]
[Round "3"]
[White "Skovgaard, Ib"]
[Black "Andersen, Johnny"]
[Result "1-0"]
[WhiteElo "2031"]
[BlackElo "1795"]
[PlyCount "91"]
[EventDate "2015.07.25"]
[EventType "swiss"]
[EventRounds "10"]
[EventCountry "DEN"]
[Source "ChessBase"]
[SourceDate "2015.09.14"]

1. e4 e6 2. d4 d5 3. Nd2 c5 4. exd5 exd5 5. Bb5+ Bd7 6. Bxd7+ Nxd7 7. Ne2 Bd6
8. Nf3 Ne7 9. O-O O-O 10. Bg5 Qc7 11. Nc3 f6 12. Qe2 a6 13. dxc5 Nxc5 14. Be3
Ne4 15. Bd4 Nxc3 16. Qe6+ Kh8 17. Bxc3 Rad8 18. Rad1 Ng6 19. Rfe1 Nf4 20. Qf5
Qc4 21. Nd4 Qc8 22. g3 Nh3+ 23. Kg2 Ng5 24. Qxc8 Rxc8 25. Nf5 Be5 26. Bb4 Rfd8
27. Ba5 Rd7 28. c3 g6 29. Nh6 Kg7 30. Ng4 Bb8 31. Bb6 Nf7 32. f4 Rc6 33. Bd4 b5
34. Re8 Ba7 35. Bxf6+ Rxf6 36. Rg8+ Kxg8 37. Nxf6+ Kf8 38. Nxd7+ Ke7 39. Rxd5
Ke6 40. Rd1 Nd6 41. Nf8+ Ke7 42. Nxh7 Nc4 43. Re1+ Kd6 44. Ng5 Nxb2 45. Re6+
Kc5 46. Rxa6 1-0

[Event "37. Copenhagen Open (Politiken Cup)"]
[Site "Elsinore"]
[Date "2015.07.26"]
[Round "3"]
[White "Slettebo, Jan"]
[Black "Verstraeten, Reinaert"]
[Result "1/2-1/2"]
[WhiteElo "2006"]
[BlackElo "2312"]
[PlyCount "76"]
[EventDate "2015.07.25"]
[EventType "swiss"]
[EventRounds "10"]
[EventCountry "DEN"]
[Source "ChessBase"]
[SourceDate "2015.09.14"]

1. e4 c5 2. Nf3 d6 3. Bb5+ Nd7 4. O-O a6 5. Bxd7+ Bxd7 6. c4 Nf6 7. Nc3 g6 8.
d4 cxd4 9. Nxd4 Rc8 10. Qd3 Bg7 11. h3 O-O 12. Be3 Qa5 13. Rab1 Qb4 14. b3 b5
15. Nd5 Nxd5 16. cxd5 Qc3 17. Rfd1 Qxd3 18. Rxd3 Rc7 19. Rd2 Rfc8 20. Kf1 a5
21. Ke2 b4 22. Kd1 Rc3 23. Ne2 R3c7 24. Rc1 Rxc1+ 25. Nxc1 f5 26. f3 fxe4 27.
fxe4 Rc3 28. Bf2 Bb5 29. Ne2 Rd3 30. Kc2 Rxd2+ 31. Kxd2 a4 32. g3 axb3 33. axb3
Kf7 34. Nd4 Bf1 35. h4 Bg2 36. Kd3 Bf1+ 37. Kd2 Bg2 38. Kd3 Bf1+ 1/2-1/2

[Event "37. Copenhagen Open (Politiken Cup)"]
[Site "Elsinore"]
[Date "2015.07.26"]
[Round "3"]
[White "Smeby, Ole"]
[Black "Fjallheim, Elmar Reinert"]
[Result "1-0"]
[WhiteElo "1895"]
[BlackElo "1601"]
[PlyCount "59"]
[EventDate "2015.07.25"]
[EventType "swiss"]
[EventRounds "10"]
[EventCountry "DEN"]
[Source "ChessBase"]
[SourceDate "2015.09.14"]

1. d4 e6 2. Nf3 d5 3. c4 Bb4+ 4. Nc3 Nc6 5. Bg5 Nge7 6. e3 f6 7. Bh4 Nf5 8. Bg3
Nxg3 9. hxg3 b6 10. Qc2 Bxc3+ 11. Qxc3 Ne7 12. Bd3 g6 13. Rc1 Bb7 14. Ke2 c6
15. Rh2 dxc4 16. Qxc4 Kf7 17. Rch1 Qg8 18. e4 Rc8 19. e5 c5 20. exf6 cxd4 21.
Ne5+ Kxf6 22. Qxd4 Nf5 23. Ng4+ Ke7 24. Qf6+ Kd6 25. Rd1 Bd5 26. Qe5+ Ke7 27.
Nf6 Qd8 28. Bxf5 Rc5 29. Nxd5+ Rxd5 30. Qxe6+ 1-0

[Event "37. Copenhagen Open (Politiken Cup)"]
[Site "Elsinore"]
[Date "2015.07.26"]
[Round "3"]
[White "Smith, Thijmen"]
[Black "Hansen, Sune Berg"]
[Result "0-1"]
[WhiteElo "2252"]
[BlackElo "2566"]
[PlyCount "58"]
[EventDate "2015.07.25"]
[EventType "swiss"]
[EventRounds "10"]
[EventCountry "DEN"]
[Source "ChessBase"]
[SourceDate "2015.09.14"]

1. e4 e5 2. Nf3 Nc6 3. Bb5 a6 4. Ba4 Nf6 5. Qe2 b5 6. Bb3 Bc5 7. d3 d6 8. c3 h6
9. Nbd2 Bb6 10. Nf1 Ne7 11. Be3 c5 12. Ng3 O-O 13. O-O Ng6 14. d4 Qc7 15. h3
Re8 16. a4 Bd7 17. dxc5 dxc5 18. Rfd1 c4 19. Bc2 Be6 20. Nf5 Bxf5 21. Bxb6 Qxb6
22. exf5 Nf4 23. Qe3 Qb7 24. Kh2 b4 25. cxb4 Qxb4 26. Qa3 Qb6 27. Rd2 e4 28.
Nd4 Nd3 29. Bxd3 Qxd4 0-1

[Event "37. Copenhagen Open (Politiken Cup)"]
[Site "Elsinore"]
[Date "2015.07.26"]
[Round "3"]
[White "Solberg, Joachim"]
[Black "Nisipeanu, Liviu Dieter"]
[Result "0-1"]
[WhiteElo "2270"]
[BlackElo "2654"]
[PlyCount "78"]
[EventDate "2015.07.25"]
[EventType "swiss"]
[EventRounds "10"]
[EventCountry "DEN"]
[Source "ChessBase"]
[SourceDate "2015.09.14"]

1. e4 c5 2. c3 Nf6 3. e5 Nd5 4. d4 cxd4 5. cxd4 d6 6. Nf3 Nc6 7. Bc4 dxe5 8.
Nxe5 e6 9. Nxc6 bxc6 10. O-O Be7 11. Nc3 O-O 12. Re1 Bb7 13. Nxd5 cxd5 14. Bd3
Bf6 15. Qg4 Qb6 16. Be3 Ba6 17. Bxa6 Qxa6 18. Qe2 Qb6 19. Qd2 a5 20. Rec1 Qb4
21. Rc2 Qxd2 22. Rxd2 Rfc8 23. Rb1 a4 24. Kf1 h5 25. Ke2 Rab8 26. Kd1 Rc4 27.
Rc1 Rcb4 28. Rcc2 g5 29. Kc1 Kg7 30. Rd3 g4 31. f3 gxf3 32. gxf3 Kg6 33. Rg2+
Kf5 34. Rd1 R8b5 35. Rdd2 Rc4+ 36. Kd1 Rbb4 37. a3 Rb3 38. Ke2 Rc8 39. h4 Rcb8
0-1

[Event "37. Copenhagen Open (Politiken Cup)"]
[Site "Elsinore"]
[Date "2015.07.26"]
[Round "3"]
[White "Sorensen, Bernhard W"]
[Black "Naesborg, Jens Ole"]
[Result "0-1"]
[WhiteElo "1704"]
[BlackElo "1900"]
[PlyCount "126"]
[EventDate "2015.07.25"]
[EventType "swiss"]
[EventRounds "10"]
[EventCountry "DEN"]
[Source "ChessBase"]
[SourceDate "2015.09.14"]

1. d4 f5 2. Nc3 e6 3. e4 fxe4 4. Nxe4 Nf6 5. Bg5 Be7 6. Nxf6+ Bxf6 7. Bxf6 Qxf6
8. Nf3 O-O 9. c3 b6 10. Be2 Bb7 11. O-O Nc6 12. Qc2 Ne7 13. Ne5 Qg5 14. f3 d6
15. Ng4 h5 16. Nf2 Nf5 17. Nh3 Qh4 18. Qd2 Rf6 19. Qg5 Raf8 20. Bd3 Qxg5 21.
Nxg5 Re8 22. Rae1 g6 23. f4 a5 24. Bc4 d5 25. Bd3 c5 26. dxc5 bxc5 27. Re5 c4
28. Bc2 Bc6 29. Rfe1 Bd7 30. Bd1 a4 31. Bc2 Ng7 32. Rb1 Rb8 33. g3 Nf5 34. Kf2
Rb6 35. Ke2 Rf8 36. b4 axb3 37. axb3 cxb3 38. Rxb3 Rxb3 39. Bxb3 Rb8 40. Bc2
Rb2 41. Kd1 Rb6 42. Kd2 Kg7 43. Re1 Nd6 44. Kd3 Kf6 45. Nh7+ Ke7 46. Kd4 Nb5+
47. Kc5 Rc6+ 48. Kb4 Rc4+ 49. Ka5 Nxc3 50. Bxg6 d4 51. Re5 Nd5 52. Ka6 Kd6 53.
Rxd5+ exd5 54. Kb6 Rb4+ 55. Ka5 Kc5 56. Bc2 d3 57. Bd1 Rb1 58. Ba4 Ra1 59. Ka6
Rxa4+ 60. Kb7 Bc6+ 61. Kc7 Ra7+ 62. Kd8 Rxh7 63. f5 Kd6 0-1

[Event "37. Copenhagen Open (Politiken Cup)"]
[Site "Elsinore"]
[Date "2015.07.26"]
[Round "3"]
[White "Sorensen, Dick"]
[Black "Jacobsen, Caroline Beer"]
[Result "1-0"]
[WhiteElo "1911"]
[BlackElo "1666"]
[PlyCount "35"]
[EventDate "2015.07.25"]
[EventType "swiss"]
[EventRounds "10"]
[EventCountry "DEN"]
[Source "ChessBase"]
[SourceDate "2015.09.14"]

1. d4 Nf6 2. Nf3 e6 3. g3 b6 4. Bg2 Bb7 5. O-O c5 6. e3 d5 7. b3 Ba6 8. Re1 c4
9. bxc4 Bxc4 10. Ne5 Qc7 11. Nd2 b5 12. a4 bxa4 13. Ndxc4 Bb4 14. Bd2 a5 15. c3
Ra6 16. Qxa4+ Nbd7 17. cxb4 dxc4 18. Rec1 1-0

[Event "37. Copenhagen Open (Politiken Cup)"]
[Site "Elsinore"]
[Date "2015.07.26"]
[Round "3"]
[White "Sorensen, John K"]
[Black "Henrichsen, Jens"]
[Result "0-1"]
[WhiteElo "1792"]
[BlackElo "2047"]
[PlyCount "54"]
[EventDate "2015.07.25"]
[EventType "swiss"]
[EventRounds "10"]
[EventCountry "DEN"]
[Source "ChessBase"]
[SourceDate "2015.09.14"]

1. d4 Nf6 2. c4 e6 3. Nc3 Bb4 4. Qc2 d5 5. a3 Bxc3+ 6. bxc3 c5 7. e3 O-O 8. Bd3
Nc6 9. f4 Na5 10. cxd5 exd5 11. Nf3 Re8 12. Ne5 c4 13. Be2 Nb3 14. Ra2 Bd7 15.
Nxd7 Qxd7 16. O-O a5 17. Rf3 a4 18. Bd2 Ra6 19. Be1 Rae6 20. Bf2 Ne4 21. Rh3 f5
22. g4 fxg4 23. Rh4 Rg6 24. Be1 Qe6 25. Rh5 Qf7 26. Qd1 g3 27. h3 Nf6 0-1

[Event "37. Copenhagen Open (Politiken Cup)"]
[Site "Elsinore"]
[Date "2015.07.26"]
[Round "3"]
[White "Stam, Bart"]
[Black "Johannesen, Lars Peter Meldgaar"]
[Result "1-0"]
[WhiteElo "1946"]
[BlackElo "1718"]
[PlyCount "47"]
[EventDate "2015.07.25"]
[EventType "swiss"]
[EventRounds "10"]
[EventCountry "DEN"]
[Source "ChessBase"]
[SourceDate "2015.09.14"]

1. e4 d5 2. exd5 Qxd5 3. Nc3 Qa5 4. g3 Nf6 5. Bg2 c6 6. Nge2 Bf5 7. b4 Qc7 8.
O-O e6 9. Rb1 Nbd7 10. d3 Rc8 11. Nd4 Bg4 12. Qe1 Nd5 13. Nxd5 cxd5 14. h3 Bh5
15. Nxe6 Qe5 16. Nf4 Bg6 17. Qxe5+ Nxe5 18. Re1 f6 19. Nxg6 hxg6 20. d4 Bd6 21.
dxe5 fxe5 22. Bf4 Rxc2 23. Bxe5 Bxe5 24. Rxe5+ 1-0

[Event "37. Copenhagen Open (Politiken Cup)"]
[Site "Elsinore"]
[Date "2015.07.26"]
[Round "3"]
[White "Steenstrup, Svend"]
[Black "Vovk, Oksana"]
[Result "1/2-1/2"]
[WhiteElo "1914"]
[BlackElo "2127"]
[PlyCount "62"]
[EventDate "2015.07.25"]
[EventType "swiss"]
[EventRounds "10"]
[EventCountry "DEN"]
[Source "ChessBase"]
[SourceDate "2015.09.14"]

1. e4 e6 2. d4 d5 3. e5 c5 4. c3 Qb6 5. Nf3 Nc6 6. Bd3 cxd4 7. cxd4 Bd7 8. O-O
Nxd4 9. Nbd2 Nc6 10. Nb3 Nh6 11. Be3 Qc7 12. Rc1 Ng4 13. Bd4 Qb8 14. Re1 Bb4
15. Bc3 Bxc3 16. Rxc3 Ngxe5 17. Nc5 a6 18. Bb1 h6 19. Rce3 Nxf3+ 20. Qxf3 Qd6
21. Rxe6+ Bxe6 22. Rxe6+ fxe6 23. Bg6+ Kd8 24. Nxb7+ Kc7 25. Nxd6 Kxd6 26. Qa3+
Kd7 27. Qc3 Rac8 28. Qxg7+ Ne7 29. Bd3 Rc1+ 30. Bf1 Rhc8 31. g3 Ra1 1/2-1/2

[Event "37. Copenhagen Open (Politiken Cup)"]
[Site "Elsinore"]
[Date "2015.07.26"]
[Round "3"]
[White "Stojanovski, Sandi"]
[Black "Jensen, Ib"]
[Result "1-0"]
[WhiteElo "2192"]
[BlackElo "1948"]
[PlyCount "81"]
[EventDate "2015.07.25"]
[EventType "swiss"]
[EventRounds "10"]
[EventCountry "DEN"]
[Source "ChessBase"]
[SourceDate "2015.09.14"]

1. d4 d5 2. c4 Nc6 3. Nc3 Nf6 4. Nf3 Bg4 5. Bg5 Ne4 6. Bh4 Nxc3 7. bxc3 f6 8.
e3 e6 9. Bd3 Be7 10. e4 f5 11. Bxe7 Qxe7 12. cxd5 exd5 13. e5 Nd8 14. h3 Bh5
15. Bxf5 O-O 16. Bg4 Bg6 17. Nd2 Ne6 18. Bxe6+ Qxe6 19. O-O Rf4 20. Qe2 Raf8
21. f3 Bf5 22. g3 Qg6 23. Qg2 Bxh3 24. Qxh3 R4f5 25. f4 Rh5 26. Qg2 c6 27. Nf3
Qd3 28. Rae1 Qxc3 29. e6 Re8 30. Re5 Rxe5 31. fxe5 Rxe6 32. Qd2 Qa3 33. Qf4 h6
34. Nh4 Qe7 35. Nf5 Qe8 36. Nd6 Qe7 37. Qg4 h5 38. Qxh5 g6 39. Qg4 Rxd6 40.
exd6 Qe3+ 41. Kg2 1-0

[Event "37. Copenhagen Open (Politiken Cup)"]
[Site "Elsinore"]
[Date "2015.07.26"]
[Round "3"]
[White "Strachan, Christian C"]
[Black "Fedchuk, Kirill"]
[Result "1/2-1/2"]
[WhiteElo "1884"]
[BlackElo "1631"]
[PlyCount "78"]
[EventDate "2015.07.25"]
[EventType "swiss"]
[EventRounds "10"]
[EventCountry "DEN"]
[Source "ChessBase"]
[SourceDate "2015.09.14"]

1. e4 e5 2. Nf3 Nc6 3. Bc4 Bc5 4. c3 Nf6 5. d3 h6 6. b4 Bb6 7. b5 Na5 8. Nxe5
Nxc4 9. Nxc4 d5 10. Nxb6 axb6 11. e5 Nh7 12. O-O O-O 13. d4 Bf5 14. Re1 Bxb1
15. Rxb1 Rxa2 16. Qb3 Ra8 17. f4 Qd7 18. Be3 f6 19. c4 Rfd8 20. Rec1 Rac8 21.
c5 bxc5 22. Rxc5 Kh8 23. Rbc1 fxe5 24. dxe5 Nf8 25. Rd1 c6 26. Rcc1 Ng6 27.
bxc6 bxc6 28. Qd3 Ne7 29. Bc5 Qe6 30. Rf1 d4 31. f5 Qxe5 32. f6 gxf6 33. Rfe1
Qf5 34. Qd2 Ng8 35. Rf1 Qg5 36. Rfd1 Qxd2 37. Rxd2 Rd5 38. Rxd4 Rxd4 39. Bxd4
Kg7 1/2-1/2

[Event "37. Copenhagen Open (Politiken Cup)"]
[Site "Elsinore"]
[Date "2015.07.26"]
[Round "3"]
[White "Strand, Kjetil"]
[Black "Marthedal, Anton Mehmet Yildiz"]
[Result "1-0"]
[WhiteElo "2035"]
[BlackElo "1811"]
[PlyCount "33"]
[EventDate "2015.07.25"]
[EventType "swiss"]
[EventRounds "10"]
[EventCountry "DEN"]
[Source "ChessBase"]
[SourceDate "2015.09.14"]

1. e4 c6 2. d4 d5 3. exd5 cxd5 4. c4 Bf5 5. Nc3 Nf6 6. Qb3 Qb6 7. cxd5 Nbd7 8.
Bb5 Qxd4 9. Nf3 Qg4 10. O-O e5 11. Nxe5 Qh5 12. Nxd7 Bxd7 13. Re1+ Kd8 14. Bxd7
Bd6 15. Bh3 Bxh2+ 16. Kxh2 Ng4+ 17. Kg1 1-0

[Event "37. Copenhagen Open (Politiken Cup)"]
[Site "Elsinore"]
[Date "2015.07.26"]
[Round "3"]
[White "Subramanian, Aditya"]
[Black "Huse, Sigurd Kjelsbol"]
[Result "1-0"]
[WhiteElo "1942"]
[BlackElo "1715"]
[PlyCount "87"]
[EventDate "2015.07.25"]
[EventType "swiss"]
[EventRounds "10"]
[EventCountry "DEN"]
[Source "ChessBase"]
[SourceDate "2015.09.14"]

1. d4 d5 2. c4 c6 3. Nf3 Nf6 4. Nc3 e6 5. e3 Bb4 6. Bd3 O-O 7. O-O Nbd7 8. a3
Ba5 9. b4 Bc7 10. e4 e5 11. exd5 cxd5 12. cxd5 exd4 13. Nxd4 Ne5 14. Nde2 Nxd3
15. Qxd3 h6 16. h3 Be5 17. Rd1 b6 18. Be3 Bb7 19. Rac1 Bd6 20. Nd4 a5 21. Nc6
Bxc6 22. dxc6 axb4 23. axb4 Bxb4 24. Qxd8 Raxd8 25. Rxd8 Rxd8 26. Bxb6 Rc8 27.
Nb5 Nd5 28. Bd4 Ba5 29. Be5 Bc7 30. Nxc7 Nxc7 31. Rd1 Ne6 32. Rc1 Kf8 33. f4 f5
34. g4 g6 35. Kf2 Ke7 36. Ke3 Nd8 37. gxf5 gxf5 38. c7 Ne6 39. Kf3 Kd7 40. Kg3
Nxc7 41. Rxc7+ Rxc7 42. Bxc7 Kxc7 43. Kh4 Kd6 44. Kh5 1-0

[Event "37. Copenhagen Open (Politiken Cup)"]
[Site "Elsinore"]
[Date "2015.07.26"]
[Round "3"]
[White "Svendsen, Peter"]
[Black "Haldorsen, Benjamin"]
[Result "0-1"]
[WhiteElo "1969"]
[BlackElo "2302"]
[PlyCount "64"]
[EventDate "2015.07.25"]
[EventType "swiss"]
[EventRounds "10"]
[EventCountry "DEN"]
[Source "ChessBase"]
[SourceDate "2015.09.14"]

1. d4 d5 2. c4 dxc4 3. e3 Nf6 4. Bxc4 e6 5. Nc3 a6 6. Nf3 c5 7. O-O b5 8. Bb3
Bb7 9. Qe2 Nbd7 10. Rd1 Qb6 11. e4 cxd4 12. Nxd4 Bc5 13. Be3 O-O 14. f3 Ne5 15.
Rd2 Nc6 16. Rad1 Nxd4 17. Rxd4 Bxd4 18. Rxd4 Qc7 19. Qf2 Rad8 20. g4 Rxd4 21.
Bxd4 e5 22. Bb6 Qd7 23. Qg3 Qd6 24. Qf2 Rc8 25. Ba7 Nd7 26. Qh4 Nc5 27. Nd5
Bxd5 28. Bxd5 Qc7 29. Bxc5 Qxc5+ 30. Kg2 Qe3 31. Qg3 Rc2+ 32. Kh3 Qh6+ 0-1

[Event "37. Copenhagen Open (Politiken Cup)"]
[Site "Elsinore"]
[Date "2015.07.26"]
[Round "3"]
[White "Taksrud, Vidar"]
[Black "Gough, Rod"]
[Result "1-0"]
[WhiteElo "2048"]
[BlackElo "1822"]
[PlyCount "75"]
[EventDate "2015.07.25"]
[EventType "swiss"]
[EventRounds "10"]
[EventCountry "DEN"]
[Source "ChessBase"]
[SourceDate "2015.09.14"]

1. c4 g6 2. d4 Bg7 3. Nc3 d6 4. g3 c6 5. Bg2 Nd7 6. Nf3 Ngf6 7. O-O O-O 8. Qc2
a6 9. Rd1 Qc7 10. b4 e5 11. Rb1 Re8 12. a4 h6 13. c5 d5 14. dxe5 Nxe5 15. Nd4
Qe7 16. a5 Nfd7 17. e4 dxe4 18. Nxe4 Nf6 19. Nd6 Rd8 20. Re1 Rxd6 21. cxd6 Qxd6
22. Bf4 Nfd7 23. Nf3 Qd3 24. Qxd3 Nxd3 25. Re8+ Kh7 26. Bc7 Nf6 27. Rd8 Nd5 28.
Bd6 Bf6 29. Re8 Nc3 30. Rf1 g5 31. Nd2 Bd4 32. Nb1 Nxb1 33. Be4+ Kg7 34. Bxd3
Nd2 35. Rc1 Nf3+ 36. Kh1 g4 37. Bc5 Bf6 38. Bf8+ 1-0

[Event "37. Copenhagen Open (Politiken Cup)"]
[Site "Elsinore"]
[Date "2015.07.26"]
[Round "3"]
[White "Tarjan, James Edward"]
[Black "Bengtsson, Tage"]
[Result "1-0"]
[WhiteElo "2490"]
[BlackElo "2076"]
[PlyCount "59"]
[EventDate "2015.07.25"]
[EventType "swiss"]
[EventRounds "10"]
[EventCountry "DEN"]
[Source "ChessBase"]
[SourceDate "2015.09.14"]

1. c4 e6 2. d4 d5 3. Nf3 c5 4. cxd5 exd5 5. Nc3 Nc6 6. dxc5 d4 7. Na4 b5 8.
cxb6 axb6 9. e3 Bb4+ 10. Bd2 Bd7 11. Bb5 Ra5 12. Bxb4 Nxb4 13. Bxd7+ Qxd7 14.
b3 dxe3 15. O-O Nf6 16. Qxd7+ Nxd7 17. fxe3 Ke7 18. Rfd1 Rb8 19. Rd2 Nf6 20.
Rc1 Rb7 21. Rc4 Na6 22. Nd4 Nb8 23. Rc8 Nfd7 24. e4 g6 25. Nc3 f6 26. Nd5+ Kf7
27. b4 Ra4 28. Nb5 Kg7 29. a3 Nf8 30. Nd6 1-0

[Event "37. Copenhagen Open (Politiken Cup)"]
[Site "Elsinore"]
[Date "2015.07.26"]
[Round "3"]
[White "Thuesen, Mogens Henrik"]
[Black "Jacobsen, Mikkel Manosri"]
[Result "0-1"]
[WhiteElo "2158"]
[BlackElo "2370"]
[PlyCount "30"]
[EventDate "2015.07.25"]
[EventType "swiss"]
[EventRounds "10"]
[EventCountry "DEN"]
[Source "ChessBase"]
[SourceDate "2015.09.14"]

1. c4 c6 2. e4 d5 3. cxd5 cxd5 4. exd5 Nf6 5. Nc3 g6 6. Qb3 Bg7 7. g3 Nbd7 8.
Bg2 O-O 9. Nge2 Nc5 10. Qc4 b6 11. b4 Ba6 12. b5 Bb7 13. d4 Rc8 14. Be3 Nce4
15. Qxc8 Qxc8 0-1

[Event "37. Copenhagen Open (Politiken Cup)"]
[Site "Elsinore"]
[Date "2015.07.26"]
[Round "3"]
[White "Thybo, Jan"]
[Black "Hansen, Anders1"]
[Result "1/2-1/2"]
[WhiteElo "1352"]
[BlackElo "1704"]
[PlyCount "85"]
[EventDate "2015.07.25"]
[EventType "swiss"]
[EventRounds "10"]
[EventCountry "DEN"]
[Source "ChessBase"]
[SourceDate "2015.09.14"]

1. e4 c5 2. Nc3 Nc6 3. f4 e6 4. Bc4 Qc7 5. d3 a6 6. a3 b5 7. Ba2 Bb7 8. Nf3 Nf6
9. O-O h5 10. e5 Ng4 11. h3 Nh6 12. Ne4 Nf5 13. Qe1 Ncd4 14. Bb1 Be7 15. h4
Nxf3+ 16. gxf3 Nxh4 17. Nd6+ Kf8 18. Ne4 Nf5 19. b3 c4 20. b4 Bh4 21. Qd2 Qb6+
22. Nc5 Be7 23. d4 Bxc5 24. dxc5 Qd8 25. c3 g6 26. Bxf5 gxf5 27. Qd6+ Qe7 28.
Qxe7+ Kxe7 29. Kf2 Rag8 30. Be3 Bc6 31. Rg1 Rg6 32. Ke2 h4 33. Rg5 h3 34. Rh1
Rgh6 35. Rh2 Rh4 36. Kf2 R8h7 37. Rg1 R4h6 38. Rg3 f6 39. Bd4 fxe5 40. Bxe5 Kf7
41. Rg1 Bd5 42. Rg3 Bc6 43. Rg1 1/2-1/2

[Event "37. Copenhagen Open (Politiken Cup)"]
[Site "Elsinore"]
[Date "2015.07.26"]
[Round "3"]
[White "Thybo, Jesper Sondergaard"]
[Black "Rakhmanov, Alexander"]
[Result "0-1"]
[WhiteElo "2255"]
[BlackElo "2626"]
[PlyCount "74"]
[EventDate "2015.07.25"]
[EventType "swiss"]
[EventRounds "10"]
[EventCountry "DEN"]
[Source "ChessBase"]
[SourceDate "2015.09.14"]

1. d4 Nf6 2. c4 d6 3. Nf3 g6 4. Nc3 Bf5 5. Qa4+ c6 6. g3 Bg7 7. Bg2 O-O 8. O-O
Ne4 9. Ne1 Nxc3 10. bxc3 Nd7 11. Qb3 Nb6 12. a4 Be6 13. d5 cxd5 14. cxd5 Bg4
15. f3 Bc8 16. a5 Nd7 17. Nd3 Qc7 18. Bd2 Rb8 19. Qa3 b6 20. Rfc1 Ne5 21. Nxe5
Bxe5 22. e4 Bd7 23. Be3 Rfc8 24. axb6 axb6 25. Qb3 Rb7 26. Rab1 Bxc3 27. Kh1 b5
28. Bd4 Bxd4 29. Rxc7 Rcxc7 30. Qa3 b4 31. Qa8+ Kg7 32. Bf1 b3 33. h4 b2 34. h5
gxh5 35. Bd3 Rb3 36. Qa6 Bc8 37. Qa4 Rxd3 0-1

[Event "37. Copenhagen Open (Politiken Cup)"]
[Site "Elsinore"]
[Date "2015.07.26"]
[Round "3"]
[White "Tryggestad, Andreas Garberg"]
[Black "Thybo, Thomas Sondergaard"]
[Result "0-1"]
[WhiteElo "2204"]
[BlackElo "1831"]
[PlyCount "96"]
[EventDate "2015.07.25"]
[EventType "swiss"]
[EventRounds "10"]
[EventCountry "DEN"]
[Source "ChessBase"]
[SourceDate "2015.09.14"]

1. e4 c6 2. Nc3 d5 3. Nf3 Bg4 4. h3 Bxf3 5. Qxf3 e6 6. d3 Nf6 7. Bd2 Be7 8.
O-O-O c5 9. g4 Nc6 10. g5 dxe4 11. dxe4 Nd7 12. Qg3 Qb8 13. f4 a6 14. e5 Qc7
15. Bg2 O-O-O 16. Be3 Nb6 17. Qf2 Nb4 18. Ne4 Na4 19. a3 Nd5 20. c4 Nxe3 21.
Qxe3 Nb6 22. Qc3 g6 23. h4 Rd4 24. b3 Rhd8 25. Bf3 Rxd1+ 26. Bxd1 Rd4 27. Bf3
Qd8 28. Kc2 Nd7 29. h5 Nb8 30. hxg6 hxg6 31. Qe3 Nc6 32. Nc3 Na7 33. Ne2 Rd7
34. Nc3 Rd4 35. Be4 b5 36. Ne2 Rd7 37. Qc3 a5 38. Rh7 Qg8 39. Qh3 Rd8 40. cxb5
Nxb5 41. Qh1 Nxa3+ 42. Kb2 c4 43. bxc4 Rd2+ 44. Kb3 Qd8 45. Rh8 Bf8 46. Qg1
Rxe2 47. Qa7 Qd1+ 48. Kc3 Qd2+ 0-1

[Event "37. Copenhagen Open (Politiken Cup)"]
[Site "Elsinore"]
[Date "2015.07.26"]
[Round "3"]
[White "Tryggestad, Linnea Garberg"]
[Black "Howell, Alun"]
[Result "0-1"]
[WhiteElo "1422"]
[BlackElo "1732"]
[PlyCount "76"]
[EventDate "2015.07.25"]
[EventType "swiss"]
[EventRounds "10"]
[EventCountry "DEN"]
[Source "ChessBase"]
[SourceDate "2015.09.14"]

1. d4 Nf6 2. Bg5 Ne4 3. Bf4 d5 4. e3 e6 5. Bd3 Nf6 6. c4 Bd6 7. Bxd6 Qxd6 8.
Nc3 c6 9. Nf3 Nbd7 10. O-O O-O 11. e4 dxe4 12. Nxe4 Nxe4 13. Bxe4 Nf6 14. Bc2
b6 15. Qd3 Bb7 16. Ne5 g6 17. Rfe1 Rad8 18. Rad1 c5 19. dxc5 Qxc5 20. Qxd8 Rxd8
21. Rxd8+ Kg7 22. g4 Qb4 23. Rb1 Qa5 24. f4 Qc5+ 25. Kf1 Qe3 26. Re1 Qxf4+ 27.
Kg1 Nxg4 28. Re2 Nxe5 29. Rf2 Qg5+ 30. Kf1 Qxd8 31. b3 Ng4 32. Re2 Qf6+ 33. Ke1
Qc3+ 34. Kf1 Ne3+ 35. Kf2 Nxc2 36. Kg1 Nd4 37. Rf2 Qe1+ 38. Rf1 Ne2# 0-1

[Event "37. Copenhagen Open (Politiken Cup)"]
[Site "Elsinore"]
[Date "2015.07.26"]
[Round "3"]
[White "Undheim, Bjarne"]
[Black "Madsen, Dennis"]
[Result "1-0"]
[WhiteElo "1899"]
[BlackElo "1678"]
[PlyCount "29"]
[EventDate "2015.07.25"]
[EventType "swiss"]
[EventRounds "10"]
[EventCountry "DEN"]
[Source "ChessBase"]
[SourceDate "2015.09.14"]

1. e4 g6 2. d4 Bg7 3. Nf3 d6 4. Bc4 e6 5. Be3 Nh6 6. h3 O-O 7. Qd2 d5 8. Bxh6
dxc4 9. Bxg7 Kxg7 10. Qc3 b5 11. a4 c6 12. Na3 Ba6 13. d5+ Kg8 14. dxc6 Nxc6
15. axb5 1-0